000 00704ngm a2200301 a 4500
003 OSt
005 20251020182658.0
008 240217s9999 xx 000 0 und d
040 _aPE SENCICO BE
040 _cPE SENCICO BE
041 _aspa
082 _aH031
245 0 _aCurso de Capacitación
245 0 _bClase 5: Normas de Construcción /
245 0 _cCESPAC
260 _aMéxico, D.F.
260 _bCESPAC
260 _cNo precisa
300 _a1 VIDEO
300 _bson., Col.
300 _c3'
490 _aMATERIALES NO CONVENCIONALES
500 _aClase 5. Video realizado en Huaraz.
650 _aNORMAS
651 _aPERÚ
910 _aila.
942 _cVID
_2ddc
999 _c4754
_d4754